<?xml version="1.0" encoding="UTF-8"?>
<record
    xmlns:xsi="http://www.w3.org/2001/XMLSchema-instance"
    xsi:schemaLocation="http://www.loc.gov/MARC21/slim http://www.loc.gov/standards/marcxml/schema/MARC21slim.xsd"
    xmlns="http://www.loc.gov/MARC21/slim">

  <leader>00663nam a22002177a 4500</leader>
  <datafield tag="999" ind1=" " ind2=" ">
    <subfield code="c">7282</subfield>
    <subfield code="d">7282</subfield>
  </datafield>
  <controlfield tag="003">OSt</controlfield>
  <controlfield tag="005">20200102161759.0</controlfield>
  <controlfield tag="008">200102t20192020sp o    |     001 0 spadd</controlfield>
  <datafield tag="017" ind1=" " ind2=" ">
    <subfield code="a">DL M-29670-2019</subfield>
    <subfield code="b">Oficina DL Madrid</subfield>
  </datafield>
  <datafield tag="020" ind1=" " ind2=" ">
    <subfield code="a">9788441541979</subfield>
  </datafield>
  <datafield tag="040" ind1=" " ind2=" ">
    <subfield code="a">ES-BaUAB</subfield>
    <subfield code="b">cat</subfield>
    <subfield code="c">CDMR</subfield>
  </datafield>
  <datafield tag="100" ind1="1" ind2=" ">
    <subfield code="a">Rivas, Rodrigo,</subfield>
  </datafield>
  <datafield tag="245" ind1="1" ind2="0">
    <subfield code="a">Fotograf&#xED;a con m&#xF3;viles</subfield>
    <subfield code="b">: visi&#xF3;n y t&#xE9;cnica fotogr&#xE1;fica /</subfield>
    <subfield code="c">Rodrigo Rivas</subfield>
  </datafield>
  <datafield tag="260" ind1=" " ind2=" ">
    <subfield code="a">Madrid :</subfield>
    <subfield code="b">Anaya Multimedia,</subfield>
    <subfield code="c">2019</subfield>
  </datafield>
  <datafield tag="300" ind1=" " ind2=" ">
    <subfield code="a">231 p. :</subfield>
    <subfield code="b">ill. ;</subfield>
    <subfield code="c">29 cm</subfield>
  </datafield>
  <datafield tag="504" ind1=" " ind2=" ">
    <subfield code="a">&#xCD;ndex</subfield>
  </datafield>
  <datafield tag="650" ind1="0" ind2="4">
    <subfield code="a">Tel&#xE8;fon m&#xF2;bil</subfield>
  </datafield>
  <datafield tag="650" ind1="0" ind2="7">
    <subfield code="a">Fotografia</subfield>
    <subfield code="x">Aparells i accessoris</subfield>
    <subfield code="2">lemac</subfield>
  </datafield>
  <datafield tag="650" ind1="0" ind2="4">
    <subfield code="a">Fotografia</subfield>
    <subfield code="x">T&#xE8;cniques digitals</subfield>
  </datafield>
  <datafield tag="942" ind1=" " ind2=" ">
    <subfield code="c">MON</subfield>
  </datafield>
  <datafield tag="952" ind1=" " ind2=" ">
    <subfield code="0">0</subfield>
    <subfield code="1">0</subfield>
    <subfield code="4">0</subfield>
    <subfield code="7">0</subfield>
    <subfield code="a">CDMR</subfield>
    <subfield code="b">CDMR</subfield>
    <subfield code="d">2020-01-02</subfield>
    <subfield code="e">Intercanvi</subfield>
    <subfield code="g">24.95</subfield>
    <subfield code="l">4</subfield>
    <subfield code="m">4</subfield>
    <subfield code="p">CDMR20010003</subfield>
    <subfield code="r">2020-09-22</subfield>
    <subfield code="s">2020-07-14</subfield>
    <subfield code="v">24.95</subfield>
    <subfield code="w">2020-01-02</subfield>
    <subfield code="y">MON</subfield>
  </datafield>
</record>
